zpět

Detail výsledku týmu

The Pub Praha 2 ST, Praha

Datum a čas kvízu

42 Celkem bodů Celkový počet nahraných bodů na tomto kvízu bez doplňovacích otázek.
2. Pořadí na kvízu Konečné umístění týmu na tomto kvízu.

Zaznamenané odpovědi

# Otázka Odpověď Body Výsledky
1. ‚‚Jste zrůda lidská.‘‘ Která v... Václav Klaus 1
2. O této obří prasklině v zemi p... v Mexiku 1
3. V neděli byl vysvěcen nový dře... Třinec 1
4. Na newyorské Broadwayi byl ve... jsou ze světa Harryho Pottera 0
5. Český reprezentant Martin Fuks... kanoistika 1
6. Podíváme se na lišky ze všech... fenek 1
7. Kdo je autorem opery Příhody l... Leoš Janáček 1
8. Liška obecná je známá jedlá ho... kuřátko 1
9. Jeden český zámek blízko Jablo... Lemberk 0
10. Kolik cihel je pod stylizovano... 4 cihly 1